000 00510nam a2200205Ia 4500
008 210210b2018 xxu||||| |||| 00| 0 eng d
020 _a9780143428336
041 _aeng
082 _a820.33 MURT
100 _aMURUGAN (Perumal)
245 _aTrial by silence Tr by Aniruddhan Vasudevan
260 _aIndia
_bPenguin Books
_c2018
300 _axiii,247
650 _aVasudevan
650 _aTrial
650 _asilence
650 _aAniruddhan
690 _aIndian English Fiction
906 _a073813
999 _c123550
_d123550